| 000 | 00572nam a22001817a 4500 | ||
|---|---|---|---|
| 005 | 20231031082852.0 | ||
| 008 | 231031b |||||||| |||| 00| 0 eng d | ||
| 020 | _a9780409125702 | ||
| 041 | _aEnglish | ||
| 082 | _a347.6 ZEF | ||
| 100 |
_aZeffertt, DT and Paizes, AP _lEnglish |
||
| 245 |
_aThe South African Law of Evidence / _cDT Zeffertt and AP Paizes |
||
| 250 | _aThird Edition | ||
| 260 |
_aDurban : _bLexisNexis (Pty) Ltd, _c2013 |
||
| 300 |
_bxxv, 1213 pages ; _c25 cm. |
||
| 650 |
_alegal practice _bLaw |
||
| 942 |
_cBK _6ALISON_BN_VRIES |
||
| 999 |
_c170 _d170 |
||